00708cam a2200253 n 450000100060000001000150000600500170002102100180003810000410005630400590009710600060015610500180016210200070018010100130018767500280020067500190022870200230024770000260027020500120029620000720030821500230038021000290040322500220043225848 a972232533720220405165117.0 aPTb157366/00 a20031119d2000 m y0pory5003 ba aTít. orig.: Harry Potter and the philosopher's stone ar ay z 001ay aPT1 aporceng a821.111-31"19"vBNzpor a087.5vBNzpor 1aFragabIsabel4730 1aRowlingbJ. K.f1965- a19ª ed1 aHarry Potter e a pedra filosofalfJ. K. Rowlinggtrad. Isabel Fraga a255, [1] p.d21 cm aLisboacPresençad20022 aEstrela do marv9